=LDR 00000nam 2200000 4500 =001 INLIS000000000030234 =005 20130612132409 =008 ***********************************Indonesia** =035 ##$$0010-061300000030234 =041 ##$$a Indonesia =082 ##$$a 420.016 =090 ##$$a 410.016, Kat, k =245 ##$$a Katalog bidang bahsa dan kesusasteraan koleksi perpustakaan Nasional RI, Catalog of language and leterature collection of National lebrary of Indonesia, Penyunting,Sutirno =260 ##$$a 2007 $b Jakrta =300 ##$$a vii,89 hlm., 29 cm =650 ##$$a Bahasa Indonesia-Katalog =850 ##$$a NBPNMAT